Varieties of Religiosity in V4 Societies
Elmentve itt :
| Szerzők: | |
|---|---|
| Dokumentumtípus: | Könyv része |
| Megjelent: |
RVP
Washington DC
2024
|
| Sorozat: | Cultural Heritage and Contemporary Change, Series VIII, Christian Philosophical Studies
The Faith and Beliefs of “Nonbelievers” |
| Tárgyszavak: | |
| mtmt: | 34727427 |
| Online Access: | http://publicatio.bibl.u-szeged.hu/34634 |
| LEADER | 01002naa a2200253 i 4500 | ||
|---|---|---|---|
| 001 | publ34634 | ||
| 005 | 20240916113013.0 | ||
| 008 | 240916s2024 hu o 000 eng d | ||
| 020 | |a 9781565183544 | ||
| 024 | 7 | |a 34727427 |2 mtmt | |
| 040 | |a SZTE Publicatio Repozitórium |b hun | ||
| 041 | |a eng | ||
| 100 | 1 | |a Jan Jandourek | |
| 245 | 1 | 0 | |a Varieties of Religiosity in V4 Societies |h [elektronikus dokumentum] / |c Jan Jandourek |
| 260 | |a RVP |b Washington DC |c 2024 | ||
| 300 | |a 11 | ||
| 300 | |a 217-227 | ||
| 490 | 0 | |a Cultural Heritage and Contemporary Change, Series VIII, Christian Philosophical Studies | |
| 490 | 0 | |a The Faith and Beliefs of “Nonbelievers” | |
| 650 | 4 | |a Filozófia, etika és vallástudományok | |
| 700 | 0 | 1 | |a Balassa Bernadett |e aut |
| 700 | 0 | 2 | |a Máté-Tóth András |e aut |
| 856 | 4 | 0 | |u http://publicatio.bibl.u-szeged.hu/34634/1/34727427.pdf |z Dokumentum-elérés |
| 856 | 4 | 0 | |u http://publicatio.bibl.u-szeged.hu/34634/2/TheFaithandBeliefsofNonbelievers_title_toc.pdf |z Dokumentum-elérés |